000
00316nam a22001337a 4500
008
180312b xxu||||| |||| 00| 0 eng d
020
_a
1557985820
041
_a
eng
080
_a
316
100
_a
50
101
_a
SOC
245
_a
Beyond appearance a new look at adolescent girls
_c
Johnson,N.G
942
_2
udc
_c
BK
999
_c
44677
_d
44677